| 000 | 00452nam a2200181Ia 4500 | ||
|---|---|---|---|
| 003 | GCL | ||
| 008 | 140319s9999 xx 000 0 eng d | ||
| 040 |
_aGCL / _cGCL |
||
| 082 | 0 | 4 |
_aCC _b932.012 _bR T |
| 100 | 1 | _aROMER, JOHN | |
| 245 | 1 | 0 |
_aTHE TOMB OF TUT ANKH AMON / _cROMER, JOHN |
| 260 |
_a[S.N] : _bCENTARY ، _c1983 |
||
| 300 | _a347 P | ||
| 650 | 0 | 4 | _aANCIENT EGYPT |
| 650 | 0 | 4 | _aHISTORY |
| 650 | 0 | 4 | _aEGYPT - CIVILIZATION |
| 942 |
_2ddc _cBK |
||
| 999 |
_c13231 _d13231 |
||